[Event "Schloss op 1st"]
[Site "Heusenstamm"]
[Date "2014.11.23"]
[Round "7.19"]
[White "Henrich, David"]
[Black "Junker, Christian"]
[Result "0-1"]
[WhiteElo "2093"]
[BlackElo "2010"]
[PlyCount "98"]
[EventDate "2014.11.??"]
[EventType "swiss"]
[EventRounds "7"]
[EventCountry "GER"]
[WhiteTeam "SK Niederbrechen 1948"]
[BlackTeam "SV 1926 Neu Isenburg"]

1. c4 f5 2. Nf3 Nf6 3. g3 e6 4. Bg2 d5 5. cxd5 exd5 6. O-O c6 7. d4 Be7 8. Ne5
O-O 9. Nc3 Nbd7 10. Bf4 Nxe5 11. Bxe5 Ng4 12. Bf4 b6 13. Qb3 Nf6 14. Be5 Bb7
15. a4 a5 16. e4 fxe4 17. Nxe4 Nxe4 18. Bxe4 Kh8 19. Bb1 Bf6 20. Qc2 g6 21. f4
Bxe5 22. dxe5 Qe7 23. Qg2 c5 24. h4 Rac8 25. Ra3 c4 26. Rd1 Rc5 27. Rd4 b5 28.
axb5 Rxb5 29. Qd2 Qc5 30. Kh2 Bc8 31. h5 Kg7 32. h6+ Kg8 33. Re3 Be6 34. f5
gxf5 35. Rf3 Qe7 36. Qf2 Qg5 37. Rdf4 Qxh6+ 38. Kg1 Rbb8 39. g4 Qg7 40. Kf1
Qxe5 41. gxf5 Rxb2 42. Bc2 Bf7 43. Qh2 Kh8 44. f6 Bg6 45. Qh6 Rf7 46. Qh3 Kg8
47. Bxg6 hxg6 48. Rh4 Qe2+ 49. Kg1 Rb1+ 0-1

[Event "Schloss op 1st"]
[Site "Heusenstamm"]
[Date "2014.11.23"]
[Round "7.20"]
[White "Werner, Dimo"]
[Black "Nixdorf, Andre"]
[Result "1/2-1/2"]
[WhiteElo "2083"]
[BlackElo "1977"]
[PlyCount "25"]
[EventDate "2014.11.??"]
[EventType "swiss"]
[EventRounds "7"]
[EventCountry "GER"]
[WhiteTeam "TSV Schott Mainz"]
[BlackTeam "SK Norderstedt"]

1. d4 d5 2. Nf3 Nf6 3. c4 c6 4. e3 Bf5 5. Nc3 e6 6. Bd3 Bxd3 7. Qxd3 Nbd7 8.
O-O Be7 9. e4 dxe4 10. Nxe4 Nxe4 11. Qxe4 Nf6 12. Qe2 O-O 13. b3 1/2-1/2

[Event "Schloss op 1st"]
[Site "Heusenstamm"]
[Date "2014.11.23"]
[Round "7.21"]
[White "Rosenberger, Frank"]
[Black "Rolf, Marco"]
[Result "1-0"]
[WhiteElo "2067"]
[BlackElo "1985"]
[PlyCount "81"]
[EventDate "2014.11.??"]
[EventType "swiss"]
[EventRounds "7"]
[EventCountry "GER"]
[WhiteTeam "SK 1980 Gernsheim"]
[BlackTeam "SK Bad Homburg 1927"]

1. e4 e6 2. d4 d5 3. Nc3 Nf6 4. e5 Nfd7 5. f4 c5 6. Nf3 Nc6 7. Be3 a6 8. Qd2
Qb6 9. Nd1 cxd4 10. Nxd4 Nxd4 11. Bxd4 Bc5 12. c3 O-O 13. Qe3 f6 14. Bd3 fxe5
15. fxe5 Bxd4 16. cxd4 Nb8 17. Rf1 Rxf1+ 18. Kxf1 Nc6 19. Qh3 g6 20. Nf2 Qxd4
21. Rd1 Qf4 22. Kg1 Nxe5 23. Rf1 Nxd3 24. Nxd3 Qd4+ 25. Kh1 Qg7 26. Nc5 Bd7 27.
Nxb7 e5 28. Qb3 Be6 29. Nc5 Qe7 30. Qb6 Bf5 31. Re1 a5 32. Qc6 Rd8 33. Nb7 Rd7
34. Nxa5 Be4 35. Nb3 Rc7 36. Qa8+ Kg7 37. Re2 Qg5 38. h3 Qf4 39. Kg1 Bc2 40.
Rf2 Qxf2+ 41. Kxf2 1-0

[Event "Schloss op 1st"]
[Site "Heusenstamm"]
[Date "2014.11.23"]
[Round "7.22"]
[White "Schrader, Hans Joachim"]
[Black "Stock, Juergen"]
[Result "0-1"]
[WhiteElo "2043"]
[BlackElo "1941"]
[PlyCount "130"]
[EventDate "2014.11.??"]
[EventType "swiss"]
[EventRounds "7"]
[EventCountry "GER"]
[WhiteTeam "SV Kinzigtal"]
[BlackTeam "SC Eschborn 1974"]

1. e4 e6 2. d4 d5 3. Nc3 Nf6 4. Bg5 Be7 5. e5 Nfd7 6. Bxe7 Qxe7 7. f4 O-O 8.
Nf3 a6 9. Bd3 f5 10. O-O c5 11. dxc5 Nxc5 12. Ne2 Bd7 13. Ned4 Ne4 14. Kh1 Nc6
15. Bxe4 dxe4 16. Nxc6 Bxc6 17. Nd4 Bd5 18. c3 Rfc8 19. Re1 b5 20. Qd2 Qb7 21.
a3 Qc7 22. Nxf5 exf5 23. Qxd5+ Qf7 24. Rad1 Qxd5 25. Rxd5 Rd8 26. Red1 Rxd5 27.
Rxd5 Kf7 28. Kg1 Ke6 29. Rd6+ Ke7 30. Kf2 a5 31. Ke2 b4 32. axb4 axb4 33. cxb4
Ra2 34. Rd2 Ra4 35. g3 Rxb4 36. Kd1 g5 37. Ke2 gxf4 38. gxf4 Rb3 39. Rc2 Rh3
40. Kf1 Rh4 41. Rf2 Ke6 42. Kg2 Rg4+ 43. Kf1 Kd5 44. h3 Rh4 45. Kg2 e3 46. Re2
Ke4 47. Kg3 Rh6 48. Kg2 Kxf4 49. b4 Re6 50. Kf1 Kf3 51. b5 f4 52. Rb2 Rb6 53.
e6 Rxe6 54. b6 Re8 55. b7 Rb8 56. Rb5 h5 57. h4 Rg8 58. Rb2 Rd8 59. Rb1 Rb8 60.
Rb5 Ke4 61. Rb4+ Kd3 62. Rxf4 Rxb7 63. Rf8 Rb1+ 64. Kg2 e2 65. Rd8+ Kc4 0-1

[Event "Schloss op 1st"]
[Site "Heusenstamm"]
[Date "2014.11.23"]
[Round "7.23"]
[White "Kolker, Vladislav"]
[Black "Zweschper, Erich"]
[Result "1/2-1/2"]
[WhiteElo "1982"]
[BlackElo "2043"]
[PlyCount "44"]
[EventDate "2014.11.??"]
[EventType "swiss"]
[EventRounds "7"]
[EventCountry "GER"]
[WhiteTeam "SC Bad Nauheim"]
[BlackTeam "SVG Eppstein 1932"]

1. e4 d6 2. d4 g6 3. Nc3 Bg7 4. Bg5 Nd7 5. Qd2 h6 6. Bh4 c6 7. f4 Qc7 8. Nf3 a6
9. Bd3 b5 10. a3 Nb6 11. O-O Bg4 12. Ne2 d5 13. e5 Bf5 14. b3 e6 15. h3 h5 16.
Bxf5 gxf5 17. Qe3 Ne7 18. Nc1 Ng6 19. Be1 a5 20. Nd3 Bf8 21. Nc5 Be7 22. Bd2
Nd7 1/2-1/2

[Event "Schloss op 1st"]
[Site "Heusenstamm"]
[Date "2014.11.23"]
[Round "7.24"]
[White "Weiss, Matthias"]
[Black "Haftmann, Rainer"]
[Result "1/2-1/2"]
[WhiteElo "2042"]
[BlackElo "1884"]
[PlyCount "74"]
[EventDate "2014.11.??"]
[EventType "swiss"]
[EventRounds "7"]
[EventCountry "GER"]
[WhiteTeam "SF Schoeneck"]
[BlackTeam "SG 1945 Dietzenbach"]

1. e4 e5 2. Nf3 Nc6 3. Nc3 Nf6 4. d4 exd4 5. Nxd4 Bb4 6. Nxc6 bxc6 7. Bd3 h6 8.
O-O Bxc3 9. bxc3 d6 10. Qf3 O-O 11. Re1 Ng4 12. Qg3 Qf6 13. Bd2 Ne5 14. f4 Nxd3
15. cxd3 Qg6 16. Qxg6 fxg6 17. Rab1 Ba6 18. c4 Rab8 19. g3 d5 20. Bc3 Rxb1 21.
Rxb1 dxe4 22. dxe4 Bxc4 23. Rb7 Bxa2 24. Rxa7 Bb1 25. Rxc7 Rf7 26. Rc8+ Kh7 27.
Rxc6 Bxe4 28. Rc5 Rb7 29. Kf2 h5 30. Ke3 Bf5 31. Be5 Rd7 32. Bd4 Kh6 33. Rb5
Re7+ 34. Be5 Rd7 35. Rb8 Kh7 36. Rb3 Kg8 37. Rc3 Kh7 1/2-1/2

[Event "Schloss op 1st"]
[Site "Heusenstamm"]
[Date "2014.11.23"]
[Round "7.25"]
[White "Syed, Tareq"]
[Black "Kreyssig, Bruno"]
[Result "1-0"]
[WhiteElo "2033"]
[BlackElo "1875"]
[PlyCount "32"]
[EventDate "2014.11.??"]
[EventType "swiss"]
[EventRounds "7"]
[EventCountry "GER"]
[WhiteTeam "SC Brett vorm Kopp Ffm"]
[BlackTeam "SG Leipzig"]

1. d3 d5 2. g3 e5 3. Bg2 c6 4. Nf3 Bd6 5. O-O Nf6 6. Nbd2 O-O 7. e4 Bg4 8. h3
Bh5 9. Re1 Re8 10. Nf1 Na6 11. g4 Bg6 12. Ng3 Nc5 13. Nd2 Qc7 14. g5 dxe4 15.
gxf6 exd3 16. Nde4 dxc2 1-0

[Event "Schloss op 1st"]
[Site "Heusenstamm"]
[Date "2014.11.23"]
[Round "7.26"]
[White "Klyszcz, Michael"]
[Black "Euler, Stephan"]
[Result "1-0"]
[WhiteElo "1969"]
[BlackElo "2030"]
[PlyCount "125"]
[EventDate "2014.11.??"]
[EventType "swiss"]
[EventRounds "7"]
[EventCountry "GER"]
[WhiteTeam "SG Loeberitz"]
[BlackTeam "SC Ladja Rossdorf"]

1. e4 d5 2. exd5 Qxd5 3. Nc3 Qd6 4. g3 Nf6 5. Bg2 Nc6 6. Nge2 a6 7. O-O Bg4 8.
d4 O-O-O 9. Bf4 e5 10. dxe5 Nxe5 11. Bxe5 Qxe5 12. Bxb7+ Kxb7 13. Qxd8 h5 14.
Qd4 Qxd4 15. Nxd4 h4 16. f3 Bh3 17. Rf2 hxg3 18. hxg3 Bc5 19. Nce2 Bd7 20. Rh2
Re8 21. Kf1 Nd5 22. Rc1 Ne3+ 23. Kf2 Nf5 24. c3 Bb5 25. Re1 Rd8 26. g4 Bxe2 27.
Rxe2 Nxd4 28. cxd4 Bxd4+ 29. Kg3 g5 30. f4 gxf4+ 31. Kxf4 f6 32. Rh7 Rd5 33. b3
Kb6 34. Rh5 Rd6 35. Rc2 Re6 36. Rh7 c5 37. Rd7 Re1 38. Rd6+ Kb5 39. a4+ Ka5 40.
Rd7 Rf1+ 41. Ke4 Rg1 42. Kf3 Rf1+ 43. Ke2 Rf4 44. Rc4 Rf2+ 45. Kd3 Rf3+ 46. Kc2
Rf2+ 47. Kc1 Rf1+ 48. Kd2 Rf2+ 49. Kd1 Rf1+ 50. Ke2 Rf2+ 51. Ke1 Rb2 52. Rb7
Be3 53. Kd1 Rd2+ 54. Ke1 Rb2 55. Re4 Bd4 56. Kd1 Bc3 57. Rf4 Rg2 58. Rf5 Bd4
59. Rf4 Be5 60. Rc4 Bd6 61. Rd7 Be5 62. Rd5 Kb6 63. Rdxc5 1-0

[Event "Schloss op 1st"]
[Site "Heusenstamm"]
[Date "2014.11.23"]
[Round "7.27"]
[White "Maar, Samuel"]
[Black "Kropp, Volker"]
[Result "1/2-1/2"]
[WhiteElo "1892"]
[BlackElo "2025"]
[PlyCount "71"]
[EventDate "2014.11.??"]
[EventType "swiss"]
[EventRounds "7"]
[EventCountry "GER"]
[WhiteTeam "SC Kaufungen"]
[BlackTeam "SV Mainz Mombach"]

1. c4 Nf6 2. g3 g6 3. Bg2 Bg7 4. Nc3 c6 5. e3 O-O 6. Nge2 d5 7. d3 dxc4 8. dxc4
Be6 9. b3 Qc8 10. O-O Bh3 11. Ba3 Bxg2 12. Kxg2 Re8 13. Qc2 Nbd7 14. Rad1 Qc7
15. Rd2 Rad8 16. Rfd1 Nf8 17. Rxd8 Rxd8 18. Rxd8 Qxd8 19. Qd1 Qxd1 20. Nxd1 e5
21. Ndc3 N8d7 22. Bb2 Ne8 23. a4 Nc5 24. Nc1 e4 25. a5 f5 26. b4 Nd7 27. c5 Nc7
28. Na4 Bxb2 29. Nxb2 Na6 30. Na2 Ne5 31. Kf1 Kf7 32. Ke2 Ke6 33. h3 Kd5 34.
Nc3+ Ke6 35. Na2 Kd5 36. Nc3+ 1/2-1/2

[Event "Schloss op 1st"]
[Site "Heusenstamm"]
[Date "2014.11.23"]
[Round "7.28"]
[White "Eg, Karlheinz"]
[Black "De Silva, Joel Niels"]
[Result "1/2-1/2"]
[WhiteElo "1877"]
[BlackElo "2018"]
[PlyCount "56"]
[EventDate "2014.11.??"]
[EventType "swiss"]
[EventRounds "7"]
[EventCountry "GER"]
[WhiteTeam "SV Ruesselsheim"]
[BlackTeam "SV Hockenheim"]

1. e4 c5 2. Nf3 Nc6 3. d4 cxd4 4. Nxd4 Nf6 5. Nc3 e5 6. Ndb5 d6 7. Bg5 a6 8.
Bxf6 gxf6 9. Na3 b5 10. Nd5 Bg7 11. c3 O-O 12. Bd3 Be6 13. Qh5 Ne7 14. Nxe7+
Qxe7 15. Nc2 Qb7 16. O-O h6 17. Ne3 Rfd8 18. Rad1 Rac8 19. Kh1 Rc5 20. Bb1 b4
21. cxb4 Qxb4 22. b3 Qc3 23. Rd3 Qb2 24. Qd1 Rdc8 25. Rd2 Qa3 26. Nc2 Qb2 27.
Ne3 Qa3 28. Nc2 Qb2 1/2-1/2

[Event "Schloss op 1st"]
[Site "Heusenstamm"]
[Date "2014.11.23"]
[Round "7.29"]
[White "Khrapko, Marko"]
[Black "Schloessner, Henrik"]
[Result "0-1"]
[WhiteElo "1830"]
[BlackElo "1938"]
[PlyCount "92"]
[EventDate "2014.11.??"]
[EventType "swiss"]
[EventRounds "7"]
[EventCountry "GER"]
[WhiteTeam "SV KS 1929 Großauheim"]
[BlackTeam "SK Gruendau"]

1. e4 c6 2. d4 d5 3. exd5 cxd5 4. c4 Nf6 5. Nc3 e6 6. Nf3 Be7 7. cxd5 Nxd5 8.
Bb5+ Bd7 9. Qb3 O-O 10. O-O Nxc3 11. bxc3 Nc6 12. Bf4 Na5 13. Qa4 Bxb5 14. Qxb5
Rc8 15. Rac1 a6 16. Qd3 Qd5 17. Rc2 Rfd8 18. Re1 Nc4 19. Ne5 Bd6 20. Qg3 Bxe5
21. Bxe5 Nxe5 22. Qxe5 Qxe5 23. dxe5 b5 24. Kf1 g5 25. Re4 Rd5 26. g3 Kg7 27.
f4 gxf4 28. gxf4 Rdc5 29. Re3 Kg6 30. Ke2 Kf5 31. Rh3 Kxf4 32. Rxh7 Rxe5+ 33.
Kf1 f5 34. h4 Re3 35. h5 Rcxc3 36. Rf2+ Rf3 37. h6 Rxf2+ 38. Kxf2 Rh3 39. Rh8
e5 40. h7 e4 41. Kg2 Rh6 42. Kf2 b4 43. Ke2 Rh2+ 44. Ke1 Ke3 45. Kf1 f4 46. Kg1
Rh6 0-1

[Event "Schloss op 1st"]
[Site "Heusenstamm"]
[Date "2014.11.23"]
[Round "7.30"]
[White "Baumgartl, Guenther"]
[Black "Neukirchner, Pascal"]
[Result "1/2-1/2"]
[WhiteElo "2060"]
[BlackElo "1726"]
[PlyCount "72"]
[EventDate "2014.11.??"]
[EventType "swiss"]
[EventRounds "7"]
[EventCountry "GER"]
[WhiteTeam "SC 1952 Obertshausen"]
[BlackTeam "SK Gruendau"]

1. e4 d6 2. d4 Nf6 3. Bd3 g6 4. f3 Bg7 5. Be3 Nbd7 6. Ne2 c5 7. c3 O-O 8. Qd2
Qa5 9. b4 Qc7 10. Bh6 Ne8 11. Na3 a6 12. h4 Nb6 13. h5 e6 14. Bxg7 Kxg7 15.
hxg6 fxg6 16. Qh6+ Kg8 17. bxc5 dxc5 18. Rb1 Rf7 19. e5 Rg7 20. Nc2 c4 21. Be4
Nd5 22. Bxd5 exd5 23. Nf4 Qa5 24. Nb4 Bf5 25. Rc1 Nc7 26. g4 Be6 27. Nxe6 Nxe6
28. f4 Nxd4 29. Rd1 Qa3 30. Nxd5 Nc2+ 31. Kf2 Qc5+ 32. Kg3 Rf8 33. Rd2 Rd7 34.
Nf6+ Rxf6 35. Rxd7 Qe3+ 36. Kh4 Qf2+ 1/2-1/2

[Event "Schloss op 1st"]
[Site "Heusenstamm"]
[Date "2014.11.23"]
[Round "7.31"]
[White "Blank, Stefan"]
[Black "Krueger, Till"]
[Result "1-0"]
[WhiteElo "1808"]
[BlackElo "2016"]
[PlyCount "119"]
[EventDate "2014.11.??"]
[EventType "swiss"]
[EventRounds "7"]
[EventCountry "GER"]
[WhiteTeam "SC Sulzbach"]
[BlackTeam "SC Nidderau"]

1. e4 g6 2. d4 Bg7 3. c4 d6 4. Be3 Nf6 5. f3 Nbd7 6. Nc3 c6 7. Qd2 O-O 8. Bh6
Bxh6 9. Qxh6 Qb6 10. Qd2 e5 11. d5 Nc5 12. Rb1 a5 13. Nge2 Ne8 14. g4 Qd8 15.
h4 Bd7 16. Ng3 Qf6 17. Be2 Rb8 18. Kd1 Nc7 19. Kc2 b5 20. dxc6 Bxc6 21. g5 Qe7
22. cxb5 Ba8 23. h5 N7e6 24. hxg6 fxg6 25. Rbg1 Nd4+ 26. Kb1 Nce6 27. Rf1 Rbc8
28. Rhg1 Nf4 29. Bd1 Rc5 30. Nge2 Nxb5 31. Nxb5 Rxb5 32. Nxf4 Rxf4 33. Bb3+ d5
34. exd5 Qd6 35. Rc1 Bb7 36. Rc6 Qd7 37. Rgc1 Rxb3 38. axb3 Bxc6 39. Rxc6 Rd4
40. Qc2 Qxd5 41. Rc8+ Kf7 42. Rc7+ Ke6 43. Rxh7 e4 44. Qc8+ Ke5 45. Re7+ Kf4
46. Qg4+ Ke3 47. fxe4 Rxe4 48. Qg3+ Ke2 49. Qg2+ Ke3 50. Rc7 Qd3+ 51. Ka2 Kf4
52. Rc3 Qe2 53. Qg3+ Kf5 54. Rf3+ Ke6 55. Rf6+ Kd7 56. Qd6+ Kc8 57. Qc6+ Kd8
58. Rd6+ Ke7 59. Rd7+ Kf8 60. Qf6+ 1-0

[Event "Schloss op 1st"]
[Site "Heusenstamm"]
[Date "2014.11.23"]
[Round "7.32"]
[White "Schultze, Joerg Martin"]
[Black "Miller, Justin"]
[Result "1/2-1/2"]
[WhiteElo "2011"]
[BlackElo "1712"]
[PlyCount "50"]
[EventDate "2014.11.??"]
[EventType "swiss"]
[EventRounds "7"]
[EventCountry "GER"]
[WhiteTeam "SF Anderssen Wetzlar"]
[BlackTeam "Sfr 1932 Kelkheim"]

1. d4 d5 2. c4 c6 3. Nc3 Nf6 4. e3 e6 5. Nf3 Nbd7 6. b3 Bd6 7. Bb2 O-O 8. Be2
Re8 9. O-O dxc4 10. bxc4 e5 11. c5 Bc7 12. Qc2 Qe7 13. Ne4 Nxe4 14. Qxe4 Nf6
15. Qc2 e4 16. Ne5 Nd7 17. f4 exf3 18. Rxf3 Nxe5 19. dxe5 Bxe5 20. Bc4 Rf8 21.
Raf1 Bxb2 22. Rxf7 Rxf7 23. Rxf7 Qxe3+ 24. Qf2 Qc1+ 25. Qf1 Qe3+ 1/2-1/2

[Event "Schloss op 1st"]
[Site "Heusenstamm"]
[Date "2014.11.23"]
[Round "7.33"]
[White "Krastev, Alexander"]
[Black "Diez, Gerhard"]
[Result "0-1"]
[WhiteElo "1745"]
[BlackElo "2007"]
[PlyCount "104"]
[EventDate "2014.11.??"]
[EventType "swiss"]
[EventRounds "7"]
[EventCountry "GER"]
[WhiteTeam "Sfr Biebertal"]
[BlackTeam "SC Bad Nauheim"]

1. e4 e5 2. Nf3 Nc6 3. Bc4 Bc5 4. c3 Bb6 5. O-O Qe7 6. d4 Nf6 7. Re1 d6 8. Bb3
Bg4 9. d5 Nb8 10. Ba4+ Nbd7 11. h3 Bh5 12. Nbd2 O-O 13. Nf1 Bg6 14. Bc2 c6 15.
c4 cxd5 16. exd5 Rac8 17. b3 Bxc2 18. Qxc2 Nxd5 19. Qd2 N5f6 20. Ba3 Nc5 21.
Ng3 Rfd8 22. Rad1 Qc7 23. Qg5 Ne6 24. Qf5 Nd4 25. Nxd4 Bxd4 26. Ne2 Bc5 27.
Bxc5 Qxc5 28. Nc3 Qa5 29. Nb5 Ne8 30. Re3 g6 31. Qg5 Qxa2 32. Rxe5 Qxb3 33.
Red5 Qxc4 34. Nxa7 Ra8 35. Nb5 Qe2 36. Nxd6 Nxd6 37. Rxd6 Rxd6 38. Rxd6 Qe1+
39. Kh2 Qxf2 40. Rf6 Qd4 41. Rf3 Qd6+ 42. Qg3 Qxg3+ 43. Kxg3 b5 44. Rb3 Rb8 45.
Kf4 f6 46. Ke4 Kf7 47. Kd5 b4 48. Kc4 Ke6 49. Rxb4 Rxb4+ 50. Kxb4 Ke5 51. Kc5
f5 52. Kc4 Kf4 0-1

[Event "Schloss op 1st"]
[Site "Heusenstamm"]
[Date "2014.11.23"]
[Round "7.34"]
[White "Faerber, David"]
[Black "Klebs, Sebastian"]
[Result "1/2-1/2"]
[WhiteElo "1732"]
[BlackElo "1930"]
[PlyCount "36"]
[EventDate "2014.11.??"]
[EventType "swiss"]
[EventRounds "7"]
[EventCountry "GER"]
[WhiteTeam "SV Walldorf"]
[BlackTeam "Karlsruher SF"]

1. e4 c5 2. Nf3 e6 3. d4 cxd4 4. Nxd4 a6 5. Nc3 Qc7 6. Be2 Nf6 7. a3 b5 8. O-O
Bb7 9. Bf3 Nc6 10. Nxc6 Bxc6 11. Re1 d6 12. Bf4 e5 13. Bg5 Be7 14. Bxf6 Bxf6
15. Nd5 Bxd5 16. Qxd5 O-O 17. c3 Rfd8 18. Red1 Qc5 1/2-1/2

[Event "Schloss op 1st"]
[Site "Heusenstamm"]
[Date "2014.11.23"]
[Round "7.35"]
[White "Turp, Hueseyin"]
[Black "Lotz, Ralf"]
[Result "0-1"]
[WhiteElo "1651"]
[BlackElo "1895"]
[PlyCount "80"]
[EventDate "2014.11.??"]
[EventType "swiss"]
[EventRounds "7"]
[EventCountry "GER"]
[WhiteTeam "Oberhausener SV"]
[BlackTeam "SC 1952 Obertshausen"]

1. d4 Nf6 2. Nf3 g6 3. Bf4 d6 4. e3 Bg7 5. Bc4 c6 6. h3 O-O 7. O-O Nbd7 8. Nbd2
b5 9. Bd3 Re8 10. a4 bxa4 11. Be2 e5 12. Bh2 e4 13. Ne1 Nb6 14. Nc4 Bf8 15. c3
Be6 16. Nd2 d5 17. Bf4 Nfd7 18. Nc2 a5 19. Na3 Rc8 20. c4 c5 21. cxd5 Bxd5 22.
Nb5 cxd4 23. exd4 Nb8 24. Nc3 Bc6 25. Nc4 Nxc4 26. Bxc4 Qb6 27. Qd2 Bb4 28. Be5
Nd7 29. Bf4 Bb7 30. Ba2 a3 31. Rac1 axb2 32. Qxb2 Bxc3 33. Qxb6 Nxb6 34. Rfd1
Bd5 35. Bxd5 Nxd5 36. Be3 a4 37. Rc2 a3 38. Rdc1 Ra8 39. Ra2 Bb2 40. Rc5 Nb4
0-1

[Event "Schloss op 1st"]
[Site "Heusenstamm"]
[Date "2014.11.23"]
[Round "7.36"]
[White "Held, Maurice"]
[Black "Foskanjan, Serschik"]
[Result "0-1"]
[WhiteElo "1634"]
[BlackElo "1888"]
[PlyCount "88"]
[EventDate "2014.11.??"]
[EventType "swiss"]
[EventRounds "7"]
[EventCountry "GER"]
[WhiteTeam "SC Ladja Rossdorf"]
[BlackTeam "SV Mainz Mombach"]

1. c4 Nf6 2. Nf3 e6 3. g3 c5 4. Bg2 Nc6 5. Nc3 Be7 6. O-O d5 7. cxd5 exd5 8. d4
c4 9. Bf4 a6 10. Ne5 O-O 11. Bg5 Be6 12. Nxc6 bxc6 13. Bxf6 Bxf6 14. e3 Be7 15.
b3 Qa5 16. Ne2 cxb3 17. axb3 Qb5 18. Nc3 Qb7 19. Qc2 Bb4 20. Rfc1 Rfc8 21. Bf1
a5 22. Qb2 Qe7 23. Na4 h5 24. Nb6 Rab8 25. Nxc8 Rxc8 26. Qe2 h4 27. Qa6 Bd7 28.
Bb5 h3 29. Bxc6 Rxc6 30. Rxc6 Qe4 31. Qf1 Bxc6 32. Qxh3 Qe8 33. Rc1 Bd7 34. Qf1
Qe6 35. Rc7 Qf5 36. Qa6 Be6 37. Qf1 Qh5 38. Rc1 Bh3 39. Qd1 Bg4 40. Qf1 Qf5 41.
Qg2 Bh3 42. Qh1 Bd2 43. Rd1 g6 44. e4 dxe4 0-1

[Event "Schloss op 1st"]
[Site "Heusenstamm"]
[Date "2014.11.23"]
[Round "7.37"]
[White "Lanz, Udo"]
[Black "Ovsepyan, Mikhail"]
[Result "1-0"]
[WhiteElo "1885"]
[BlackElo "1692"]
[PlyCount "67"]
[EventDate "2014.11.??"]
[EventType "swiss"]
[EventRounds "7"]
[EventCountry "GER"]
[WhiteTeam "VSG 1880 Offenbach"]
[BlackTeam "Sfr Frankfurt 1921"]

1. d4 e6 2. Nf3 Nf6 3. Bf4 c5 4. e3 d5 5. c3 Nc6 6. Nbd2 Be7 7. h3 c4 8. Be2
O-O 9. O-O h6 10. Qc2 Bd6 11. Bxd6 Qxd6 12. e4 Nxe4 13. Nxe4 dxe4 14. Qxe4 Qd5
15. Qc2 b5 16. a4 b4 17. cxb4 Nxd4 18. Nxd4 Qxd4 19. Rfd1 Qb6 20. Qxc4 Rb8 21.
b5 a6 22. Rab1 axb5 23. Qxb5 Qxb5 24. Bxb5 Bb7 25. b4 Bd5 26. Be2 Rfc8 27. Rb2
Kf8 28. a5 Ke7 29. b5 Kd6 30. b6 Rc6 31. Bf3 Rc5 32. Bxd5 exd5 33. Ra1 Rc6 34.
a6 1-0

[Event "Schloss op 1st"]
[Site "Heusenstamm"]
[Date "2014.11.23"]
[Round "7.38"]
[White "Fuessel, Jan Michael"]
[Black "Schindelmeiser, Frank"]
[Result "1/2-1/2"]
[WhiteElo "1565"]
[BlackElo "1834"]
[PlyCount "51"]
[EventDate "2014.11.??"]
[EventType "swiss"]
[EventRounds "7"]
[EventCountry "GER"]
[WhiteTeam "VSG 1880 Offenbach"]
[BlackTeam "SV Oberursel"]

1. b3 c5 2. Bb2 Nc6 3. e3 e6 4. Nf3 Nf6 5. d4 cxd4 6. Nxd4 Nxd4 7. Qxd4 Qa5+ 8.
Nd2 d5 9. c3 Bd6 10. Be2 O-O 11. O-O Qc7 12. h3 e5 13. Qd3 e4 14. Qc2 Re8 15.
c4 Be5 16. Rac1 Bxb2 17. Qxb2 Qe7 18. cxd5 Nxd5 19. Bb5 Rd8 20. Rfd1 Bf5 21.
Nf1 Nc7 22. Be2 Ne6 23. Ng3 Bg6 24. Qe5 f6 25. Qa5 b6 26. Qa4 1/2-1/2

[Event "Schloss op 1st"]
[Site "Heusenstamm"]
[Date "2014.11.23"]
[Round "7.39"]
[White "Schreiner, Roland"]
[Black "Rapp, Matthias"]
[Result "1-0"]
[WhiteElo "2150"]
[BlackElo "1485"]
[PlyCount "103"]
[EventDate "2014.11.??"]
[EventType "swiss"]
[EventRounds "7"]
[EventCountry "GER"]
[WhiteTeam "SC Heusenstamm"]
[BlackTeam "TSV Schott Mainz"]

1. d4 d5 2. c4 Nf6 3. Nc3 e6 4. Nf3 Be7 5. Bf4 a6 6. e3 O-O 7. Rc1 c6 8. c5 Nh5
9. Bd3 Nxf4 10. exf4 Nd7 11. O-O f5 12. Re1 Rf6 13. Qe2 Nf8 14. Ne5 Rh6 15. Na4
Rf6 16. Nb6 Rb8 17. Bxa6 bxa6 18. Nxc6 Qc7 19. Nxd5 exd5 20. Nxe7+ Kh8 21. Nxd5
Qc6 22. Nxf6 gxf6 23. Qe8 Bb7 24. Qxc6 Bxc6 25. b3 Rd8 26. Rcd1 Ng6 27. g3 Be4
28. Rd2 h5 29. Re3 Ne7 30. f3 Nd5 31. Rxe4 fxe4 32. fxe4 Nc3 33. e5 fxe5 34.
fxe5 Rxd4 35. Rxd4 Ne2+ 36. Kf2 Nxd4 37. Ke3 Ne6 38. c6 Kg7 39. b4 Kf7 40. a4
Nc7 41. Kd4 Ke6 42. h3 Ke7 43. Kc5 Ke6 44. Kb6 Nd5+ 45. Kb7 Ne7 46. c7 Kxe5 47.
Kxa6 Kd6 48. Kb7 Kd7 49. g4 h4 50. g5 Nc8 51. g6 Nd6+ 52. Kb8 1-0

[Event "Schloss op 1st"]
[Site "Heusenstamm"]
[Date "2014.11.23"]
[Round "7.40"]
[White "Paeslack, Luis"]
[Black "Modric, Vladimir"]
[Result "0-1"]
[WhiteElo "1777"]
[BlackElo "1888"]
[PlyCount "80"]
[EventDate "2014.11.??"]
[EventType "swiss"]
[EventRounds "7"]
[EventCountry "GER"]
[WhiteTeam "SK Mainaschaff"]
[BlackTeam "SC 1965 Koenig Nied"]

1. e4 d6 2. d4 Nf6 3. Nc3 c6 4. Nf3 Bg4 5. Be2 e6 6. h3 Bh5 7. O-O Be7 8. Be3
O-O 9. Qd2 d5 10. e5 Nfd7 11. Nh2 Bxe2 12. Nxe2 c5 13. c3 Nc6 14. Ng3 Rc8 15.
Rac1 Qa5 16. a3 cxd4 17. Bxd4 Ndxe5 18. Bxe5 Nxe5 19. Nh5 Qc5 20. b4 Qb6 21.
Qf4 Ng6 22. Qg4 Rc4 23. Qe2 Bg5 24. Rc2 Nf4 25. Nxf4 Bxf4 26. Ng4 Rfc8 27. Qf3
Qc7 28. g3 Bd6 29. Rfc1 d4 30. Rd2 h5 31. Nh2 h4 32. Nf1 hxg3 33. fxg3 Be5 34.
Rd3 Rxc3 35. Rdxc3 dxc3 36. Qe3 c2 37. Qxa7 Bb2 38. Qe3 Bxc1 39. Qxc1 Qd6 40.
Ne3 Qxg3+ 0-1

[Event "Schloss op 1st"]
[Site "Heusenstamm"]
[Date "2014.11.23"]
[Round "7.41"]
[White "Willenbring, Jens Dirk"]
[Black "Modanese, Augusto"]
[Result "0-1"]
[WhiteElo "1577"]
[BlackElo "1875"]
[PlyCount "82"]
[EventDate "2014.11.??"]
[EventType "swiss"]
[EventRounds "7"]
[EventCountry "GER"]
[WhiteTeam "Bad Vilbeler Sfr 1985"]

1. d4 Nf6 2. Nf3 e6 3. g3 d5 4. Bg2 Be7 5. O-O O-O 6. c3 b6 7. Bg5 Nbd7 8. Nbd2
h6 9. Bxf6 Nxf6 10. Ne5 Bb7 11. Re1 c5 12. e3 cxd4 13. exd4 b5 14. a3 a5 15.
Nd3 Qb6 16. b4 Nd7 17. Qb3 Qc7 18. Nc5 Nxc5 19. bxc5 Bc6 20. Qc2 Qd7 21. Reb1
Bd8 22. Nf3 Bc7 23. Bf1 Rab8 24. Rb2 e5 25. Re1 e4 26. Nh4 f5 27. Ng2 f4 28.
Nxf4 Bxf4 29. gxf4 Qg4+ 30. Bg2 Qxf4 31. Qd2 Qxd2 32. Rxd2 b4 33. axb4 axb4 34.
cxb4 Rxb4 35. Bh3 Rb3 36. Re3 Rb1+ 37. Kg2 Rf6 38. Rg3 Bb5 39. Re3 Rg6+ 40. Bg4
Rxg4+ 41. Kh3 Rg5 0-1

[Event "Schloss op 1st"]
[Site "Heusenstamm"]
[Date "2014.11.23"]
[Round "7.42"]
[White "Weiland, Thomas"]
[Black "Sanati, Charlotte"]
[Result "0-1"]
[WhiteElo "1847"]
[BlackElo "1776"]
[PlyCount "28"]
[EventDate "2014.11.??"]
[EventType "swiss"]
[EventRounds "7"]
[EventCountry "GER"]
[WhiteTeam "SV Oberursel"]
[BlackTeam "SG Trier"]

1. e4 c5 2. Nf3 d6 3. c3 Nf6 4. e5 dxe5 5. Nxe5 e6 6. Bb5+ Nbd7 7. d4 cxd4 8.
Qxd4 Be7 9. Nxd7 Bxd7 10. Bxd7+ Qxd7 11. Be3 Qb5 12. c4 Qh5 13. Nc3 O-O 14. O-O
Rfd8 0-1